La jurisdicción en materia de comercio y legislación en vigor en los países de América Central y Meridional / (Record no. 120825)

MARC details
000 -LEADER
campo de control de longitud fija 00692nam a2200181 i 4500
001 - NÚMERO DE CONTROL
campo de control 120825
003 - IDENTIFICADOR DE NÚMERO DE CONTROL
campo de control ES-MaACL
005 - FECHA Y HORA DE LA ÚLTIMA TRANSACCIÓN
campo de control 20230906191629.0
007 - CAMPO FIJO DE DESCRIPCIÓN FÍSICA--INFORMACIÓN GENERAL
campo de control de longitud fija t|
008 - DATOS DE LONGITUD FIJA--INFORMACIÓN GENERAL
campo de control de longitud fija 070214s1934 sp r ||||1| spa d
100 1# - ENTRADA PRINCIPAL--NOMBRE DE PERSONA
Nombre de persona Polonio Calvente, Joaquín María.
9 (RLIN) 92883
245 13 - MENCIÓN DEL TÍTULO
Título La jurisdicción en materia de comercio y legislación en vigor en los países de América Central y Meridional /
Mención de responsabilidad, etc. Joaquín María Polonio Calvente ; prólogo de Joaquín Garrigues y Díaz Cañavate.
250 ## - MENCION DE EDICION
Mención de edición 1ª. ed.
260 ## - PUBLICACIÓN, DISTRIBUCIÓN, ETC.
Lugar de publicación, distribución, etc. Madrid :
Nombre del editor, distribuidor, etc. [s.n.],
Fecha de publicación, distribución, etc. 1934 (
Fabricante Imp. Juan Pelayo)
300 ## - DESCRIPCIÓN FÍSICA
Extensión 282 p. ;
Dimensiones 23 cm.
700 1# - ENTRADA AGREGADA--NOMBRE PERSONAL
Nombre de persona Garrigues, Joaquín (
Fechas asociadas al nombre 1899-1983)
9 (RLIN) 162586
852 ## - LOCALIZACIÓN
Ubicación ES-MaACL
Número de control de estantería C-4084
Sublocalización o colección R.23671
Holdings
Estatus retirado Estado de pérdida Estado de daño No para préstamo Biblioteca de origen Biblioteca actual Ubicación en estantería Fecha de adquisición Fuente de adquisición Total de préstamos Signatura topográfica completa Código de barras Visto por última vez Precio de reemplazo Tipo de ítem Koha
        Biblioteca del Ateneo de Madrid Biblioteca del Ateneo de Madrid Sala Palomar 17/01/2008     C-4084 1125933 23/02/2023 23/02/2023 Libro impreso